000 00471nam a2200193Ia 4500
005 20250603144615.0
008 250603s9999 xx 000 0 und d
020 _a9780133142709
050 _aHF 5718 .S525/
100 _aShwom, Barbara Lynne.
245 0 _aBusiness communication : polishing your professional presence
250 _a2nd ed.
260 _aBoston
260 _bPearson
260 _c2014
300 _a648 p
650 _aBoston
942 _cBK
999 _c39419
_d39419